书目信息 |
| 题名: |
苗圃作业技术指导
|
|
| 作者: | 郝建华 编著 | |
| 分册: | ||
| 出版信息: | 北京 中国林业出版社 2014 |
|
| 页数: | 212页 | |
| 开本: | 21cm | |
| 丛书名: | ||
| 单 册: | ||
| 中图分类: | S61 | |
| 科图分类: | ||
| 主题词: | 苗圃学--高等学校--教材 , 苗圃学 | |
| 电子资源: | ||
| ISBN: | 978-7-5038-7406-2 | |
| 000 | 01094nam0 2200253 450 | |
| 001 | 012015000401 | |
| 005 | 20150914161920.20 | |
| 010 | @a978-7-5038-7406-2@dCNY22.00 | |
| 100 | @a20150310d2014 em y0chiy50 ea | |
| 101 | 0 | @achi |
| 102 | @aCN@b110000 | |
| 105 | @aa z 000yy | |
| 106 | @ar | |
| 200 | 1 | @a苗圃作业技术指导@Amiao pu zuo ye ji shu zhi dao@f郝建华编著 |
| 210 | @a北京@c中国林业出版社@d2014 | |
| 215 | @a212页@c图,照片@d21cm | |
| 300 | @a普通高等教育“十二五”规划实践教材 | |
| 330 | @a本书以实习指导的方式,对苗圃生产重点环节的技术、流程、要求等进行了较为详细的介绍,以章、节的形式排列各个生产环节。全书分为17章,大体以一年中苗圃生产作业顺序排列,以相近、相关的作业内容划分为章。从苗圃建设、土地整理开始,到苗木出圃,反映了苗木生产周期的技术内容。第十七章是根据生产实践和笔者的经验,写了苗圃作业规范,仅是一些初步想法,试图引导苗木生产者进行规范作业,进而促进苗圃作业规范的建设。 | |
| 606 | 0 | @a苗圃学@x高等学校@j教材 |
| 606 | 0 | @a苗圃学 |
| 690 | @aS61@v5 | |
| 701 | 0 | @a郝建华@Ahao jian hua@4编著 |
| 801 | 0 | @aCN@b碧洲教育@c20150716 |
| 905 | @a10447@f4@dS61@e315 | |
| 苗圃作业技术指导/郝建华编著.-北京:中国林业出版社,2014 |
| 212页:图,照片;21cm |
| 普通高等教育“十二五”规划实践教材 |
| ISBN 978-7-5038-7406-2:CNY22.00 |
| 本书以实习指导的方式,对苗圃生产重点环节的技术、流程、要求等进行了较为详细的介绍,以章、节的形式排列各个生产环节。全书分为17章,大体以一年中苗圃生产作业顺序排列,以相近、相关的作业内容划分为章。从苗圃建设、土地整理开始,到苗木出圃,反映了苗木生产周期的技术内容。第十七章是根据生产实践和笔者的经验,写了苗圃作业规范,仅是一些初步想法,试图引导苗木生产者进行规范作业,进而促进苗圃作业规范的建设。 |
| ● |
| 相关链接 |
|
|
|
|
正题名:苗圃作业技术指导
索取号:S61/315
 
预约/预借
| 序号 | 登录号 | 条形码 | 馆藏地/架位号 | 状态 | 备注 |
| 1 | 0849444 | 208494440 | 第二样本阅览室/ [索取号:S61/315] | 在馆 | |
| 2 | 0849445 | 208494459 | 第三借阅区/ [索取号:S61/315] | 在馆 | |
| 3 | 0849446 | 208494468 | 第三借阅区/ [索取号:S61/315] | 在馆 | |
| 4 | 0849447 | 208494477 | 生命科学系资料室/ [索取号:S61/315] | 在馆 |